000 00439nam a2200181Ia 4500
001 8540
005 20260306160617.0
008 260306t2014||||xx |||||||||||||| ||spa||
041 _aESP
082 _a371.102
_bM26
100 _aMarchesi, Álvaro
_eAUT
245 0 _aCalidad de la enseñanza en tiempos de crisis
260 _c2014
300 _a379 páginas :
_c23 cm.
650 _aGEN
654 _aCED
942 _cLIB
_dJUS
_fJUS
_2ddc
_n
999 _c8540
_d8540